| 000 | 00726nam a2200229 i 4500 | ||
|---|---|---|---|
| 001 | bg | ||
| 100 | 1 | _aMISALA, Józef | |
| 245 | 1 | 0 |
_aWspółczesne teorie wymiany międzynarodowej i zagranicznej polityki ekonomicznej / _cJózef Misala. |
| 260 |
_aWarszawa : _bSzkoła Główna Handlowa. Oficyna Wydawnicza, _c2001. |
||
| 300 |
_a419 s. : _bil. ; _c24 cm. |
||
| 504 | _aBibliogr. | ||
| 650 | 9 | _aMiędzynarodowe stosunki gospodarcze | |
| 655 | _aPodręczniki | ||
| 020 | _a8372251142 | ||
| 040 | _cBPK | ||
| 041 | 0 | _apl | |
| 080 | _a339.9(07) | ||
| 920 | _a83-7225-114-2 | ||
| 942 | _cKS | ||
| 008 | s pl f |000 0 pol | ||
| 999 |
_c41772 _d41772 |
||
| 856 |
_uhttp://koha.tu.koszalin.pl/cgi-bin/koha/opac-detail.pl?biblionumber=41772 _yKatalog online BPK |
||